nba players shoe company quiz - Statistics

General Stats
  • This quiz has been taken 395 times
  • The average score is 6 of 15
Answer Stats
Hint Anwers % Correct
Micheal Jordan Nike
99%
Stephen Curry Under Armour
84%
Lebron James Nike
69%
Damian Lillard Adidas
53%
Tim Duncan Nike
50%
Derrick Rose Adidas
49%
Allen Iverson Reebok
48%
Larry Bird Converse
45%
Kyle lowry Adidas
33%
Klay Thompson Anta
24%
Dwayne Wade Li-Ning
15%
Tony Parker Peak
11%
Matthew Dellavedova Peak
8%
Javale Mcgee Peak
5%
Patrick Ewing Ewing Athletics
3%
No matching quizzes found
Score Distribution
Percent of People with Each Score
Percentile by Number Answered
Your Score History
You have not taken this quiz